Star wars epic battles / (Record no. 1854)

MARC details
000 -LEADER
fixed length control field 01106cam a2200337 a 4500
005 - DATE AND TIME OF LATEST TRANSACTION
control field 20231005085734.0
020 ## - INTERNATIONAL STANDARD BOOK NUMBER
International Standard Book Number 9781405329378 (pbk.)
020 ## - INTERNATIONAL STANDARD BOOK NUMBER
International Standard Book Number 1405329378 (pbk.)
020 ## - INTERNATIONAL STANDARD BOOK NUMBER
International Standard Book Number 9780756636036
020 ## - INTERNATIONAL STANDARD BOOK NUMBER
International Standard Book Number 0756636035
020 ## - INTERNATIONAL STANDARD BOOK NUMBER
International Standard Book Number 9780756636067
020 ## - INTERNATIONAL STANDARD BOOK NUMBER
International Standard Book Number 075663606X
040 ## - CATALOGING SOURCE
Original cataloging agency UKM
Transcribing agency UKM
Modifying agency BTCTA
-- BAKER
-- IH7
-- DLC
050 00 - LIBRARY OF CONGRESS CALL NUMBER
Classification number PN1997.S65943
Item number B44 2008
082 04 - DEWEY DECIMAL CLASSIFICATION NUMBER
Classification number 428.6
Edition number 22
100 1# - MAIN ENTRY--PERSONAL NAME
Personal name Beecroft, Simon.
245 10 - TITLE STATEMENT
Title Star wars epic battles /
Statement of responsibility, etc. written by Simon Beecroft.
246 30 - VARYING FORM OF TITLE
Title proper/short title Epic battles
260 ## - PUBLICATION, DISTRIBUTION, ETC.
Place of publication, distribution, etc. London ;
-- New York :
Name of publisher, distributor, etc. DK Publishing,
Date of publication, distribution, etc. 2008.
300 ## - PHYSICAL DESCRIPTION
Extent 48 pages :
Other physical details color illustrations ;
Dimensions 23 cm.
490 1# - SERIES STATEMENT
Series statement DK readers.
-- 4,
-- Proficient readers
500 ## - GENERAL NOTE
General note Includes index.
505 ## - FORMATTED CONTENTS NOTE
Formatted contents note F
520 ## - SUMMARY, ETC.
Summary, etc. "Jedi knights versus Sith lords, clone troopers versus battle droids - relive the biggest, baddest battles ever."--Cover, p.4.
521 ## - TARGET AUDIENCE NOTE
Target audience note 340 <br/>
Source Lexile
521 ## - TARGET AUDIENCE NOTE
Target audience note F <br/>
Source Raz-Plus
650 #0 - SUBJECT ADDED ENTRY--TOPICAL TERM
Topical term or geographic name entry element Star Wars films
Form subdivision Miscellanea
-- Juvenile literature.
906 ## - LOCAL DATA ELEMENT F, LDF (RLIN)
a 7
b cbc
c copycat
d 2
e ncip
f 20
g y-gencatlg
942 ## - ADDED ENTRY ELEMENTS (KOHA)
Source of classification or shelving scheme Dewey Decimal Classification
Koha item type Books
Suppress in OPAC No
999 ## -
-- 1854
-- 1854
Holdings
Withdrawn status Lost status Source of classification or shelving scheme Damaged status Not for loan Collection Home library Current library Shelving location Date acquired Total Checkouts Full call number Barcode Date last seen Date last checked out Price effective from Koha item type
    Dewey Decimal Classification     Juvenile Fiction Footprints International School Library Network Toul Kork Campus Footprints International School Library Network Toul Kork Campus TK Primary Library Room(4th Floor), Bookcase 7, Shelves 57-60, Dark Green Books 10/05/2023 2 BEE 791.4375 PN1997.S65943 FISTK01395 05/16/2024 01/02/2024 10/05/2023 Books